| 000 | 01126nam a22003137a 4500 | ||
|---|---|---|---|
| 003 | CHAP | ||
| 005 | 20220329140239.0 | ||
| 008 | 971013s1966 r 00010 d | ||
| 010 | _a49198 | ||
| 011 | _a50170 | ||
| 035 | _a54320 | ||
| 040 | _cCHAP | ||
| 082 |
_a630.23 _bV4 |
||
| 100 | 0 | 0 |
_aVershinin, P. V. _9118958 |
| 245 | _aFundamentals of agrophysics | ||
| 260 |
_aHerusalem, Israel : _bProgram for Scientific Translations, _c1966 |
||
| 300 |
_a726 p. _b: ilus. ; gráfs. |
||
| 590 |
_aBATCH-UPD _b10 _c20130110 _lUCH01 _h0742 |
||
| 590 |
_aBATCH-UPD _b10 _c20130410 _lUCH01 _h0423 |
||
| 590 |
_aBATCH-UPD _b10 _c20130914 _lUCH01 _h1629 |
||
| 590 |
_aCONVERSION _b10 _c20130109 _lUCH01 _h1327 |
||
| 650 | 1 | 4 |
_aFísica agrícola. _941995 |
| 901 | _aBK | ||
| 942 | _cLIBRO | ||
| 949 |
_a630.23 V4 _bBC _cLIBRO _d33724000029013 _eLIBRO _h31419 _i54320 _si _t525.00 |
||
| 949 |
_a630.23 V4 _bBC _cLIBRO _d33724000029021 _eLIBRO _fc.2 _h31420 _i54320 _si _t525.00 |
||
| 949 |
_a630.23 V4 _bBC _cLIBRO _d33724000029039 _eLIBRO _fc.3 _h31379 _i54320 _si _t525.00 |
||
| 949 |
_a630.23 V4 _bBC _cLIBRO _d33724000029047 _eLIBRO _fc.4 _h31380 _i54320 _si _t525.00 |
||
| 999 |
_c49198 _d49198 |
||